00257nam a2200109Ia 4500008004100000082001600041100001900057245002700076250000900103260002700112300000800139150731s2014 xx 000 0 und d a611bH 14 C aCHAURASIA,B.D. aHB. OF GENERAL ANATOMY a4 TH bC B S PUB. INDIAc2014 a262